Minský reparát vyvolal nádeje i pochybnosti

Ukrajinská kríza a svet opäť v studenej vojne. Prehĺbenie integrácie medzi Ruskom, Bieloruskom, Kazachstanom a Arménskom. Uzavreté rokovanie najvyšších predstaviteľov Ruska, Francúzska, Nemecka a Ukrajiny v Minsku. Riešenie ukrajinského konfliktu. Krehké prímerie.

Saved in:
Bibliographic Details
Main Author: Pressburg, Adrian Peter
Format: Book Chapter
Language:Slovak
Subjects:
Tags: Add Tag
No Tags, Be the first to tag this record!

MARC

LEADER 00000naa a2200000 4500
001 0198221
005 20231113102633.7
041 0 |a slo 
044 |a SK 
245 1 0 |a Minský reparát vyvolal nádeje i pochybnosti  |c Adrian Peter Pressburg 
520 |a Ukrajinská kríza a svet opäť v studenej vojne. Prehĺbenie integrácie medzi Ruskom, Bieloruskom, Kazachstanom a Arménskom. Uzavreté rokovanie najvyšších predstaviteľov Ruska, Francúzska, Nemecka a Ukrajiny v Minsku. Riešenie ukrajinského konfliktu. Krehké prímerie. 
610 2 0 |a politika medzinárodná 
610 2 0 |a vzťahy medzinárodné 
610 2 0 |a konflikty 
610 2 0 |a vojny 
610 2 0 |a Ukrajina 
610 2 0 |a Rusko 
100 1 |a Pressburg, Adrian Peter